| 000 | 00767cam a2200265u 4500 | ||
|---|---|---|---|
| 001 | 6527769 | ||
| 003 | OSt | ||
| 005 | 20260415095943.0 | ||
| 008 | 820519s1956 miu 000 0 eng | ||
| 010 | _a 56026035 | ||
| 035 | _a6527769 | ||
| 040 |
_aDLC _cCarP _dDLC |
||
| 050 | 0 | 0 |
_aBS600 _b.V6 1956 |
| 100 | 1 |
_aVos, Howard Frederic, _d1925- |
|
| 245 | 1 | 0 | _aEffective Bible Study. |
| 260 |
_aGrand Rapids, _bZondervan Pub. House _c[1956] |
||
| 300 |
_a224 p. _c22 cm. |
||
| 336 |
_atext _btxt _2rdacontent |
||
| 337 |
_aunmediated _bn _2rdamedia |
||
| 338 |
_avolume _bnc _2rdacarrier |
||
| 630 | 0 | 0 |
_aBible _xStudy and teaching. |
| 906 |
_a0 _bcbc _cpremunv _du _encip _f19 _gy-gencatlg |
||
| 942 |
_2lcc _cBK |
||
| 999 |
_c21612 _d21611 |
||